MARC details
| 000 -LEADER |
| fixed length control field |
01014cab a2200265 4500 |
| 001 - CONTROL NUMBER |
| control field |
WB3410-52 |
| 008 - FIXED-LENGTH DATA ELEMENTS--GENERAL INFORMATION |
| fixed length control field |
090401t1998 xxu||||| |||| 00| 0 eng d |
| 035 ## - SYSTEM CONTROL NUMBER |
| System control number |
(Sirsi) u84788 |
| 041 ## - LANGUAGE CODE |
| Language code of text/sound track or separate title |
eng |
| 245 ## - TITLE STATEMENT |
| Title |
Negligence |
| 260 ## - PUBLICATION, DISTRIBUTION, ETC. |
| Date of publication, distribution, etc. |
1998 |
| 350 ## - PRICE (NR) (BK AM CF MU VM SE) [OBSOLETE] |
| Price |
0 |
| 490 ## - SERIES STATEMENT |
| Series statement |
Estates Gazette Case Summaries |
| Volume/sequential designation |
[1998] EGCS 34, 7/3/98 |
| 520 ## - SUMMARY, ETC. |
| Summary, etc. |
"Arab Bank plc v John D Wood (Commercial) Ltd and others" QBD 20 February 1998. Bank required an urgent confirmatory valuation of an industrial estate let under a variety of tenancies. Earlier valuation was £22m. The defendant valued at £19m against `correct` figure of £16m. Discrepancy due to over optimistic assessment of future rents. Negligence claim dismissed. |
| 650 ## - SUBJECT ADDED ENTRY--TOPICAL TERM |
| Topical term or geographic name entry element |
BANK |
| 650 ## - SUBJECT ADDED ENTRY--TOPICAL TERM |
| Topical term or geographic name entry element |
CONFIRMATORY VALUATIONS |
| 650 ## - SUBJECT ADDED ENTRY--TOPICAL TERM |
| Topical term or geographic name entry element |
INDUSTRIAL ESTATE |
| 650 ## - SUBJECT ADDED ENTRY--TOPICAL TERM |
| Topical term or geographic name entry element |
NEGLIGENCE |
| 650 ## - SUBJECT ADDED ENTRY--TOPICAL TERM |
| Topical term or geographic name entry element |
Valuation |
| 9 (RLIN) |
6273 |
| 650 ## - SUBJECT ADDED ENTRY--TOPICAL TERM |
| Topical term or geographic name entry element |
VALUERS |
| 650 ## - SUBJECT ADDED ENTRY--TOPICAL TERM |
| Topical term or geographic name entry element |
WEATHERALL GREEN & SMITH |
| 690 ## - LOCAL SUBJECT ADDED ENTRY--TOPICAL TERM (OCLC, RLIN) |
| Topical term or geographic name as entry element |
RATING AND VALUATION-CASE LAW |
| 942 ## - ADDED ENTRY ELEMENTS (KOHA) |
| Suppress in OPAC |
0 |
| 948 ## - LOCAL PROCESSING INFORMATION (OCLC); SERIES PART DESIGNATOR (RLIN) |
| c (OCLC) |
11/03/1998 |